[Event "TCh-CRO"]
[Site "Rabac CRO"]
[Date "2004.09.13"]
[Round "9"]
[White "Bilobrk,F"]
[Black "Franic,M"]
[Result "1-0"]
[WhiteElo "2328"]
[BlackElo "2415"]

1.d4 Nf6 2.c4 e6 3.Nf3 b6 4.g3 Ba6 5.b3 Bb4+ 6.Bd2 Be7 7.Bg2 c6 8.O-O d5
9.Qc2 Nbd7 10.Rd1 Rc8 11.Bf4 O-O 12.Nc3 Nh5 13.Bc1 f5 14.Bb2 Qe8 15.Nb1 b5
16.Nbd2 Bd6 17.c5 Bb8 18.b4 Rc7 19.Nb3 Nhf6 20.Na5 Qh5 21.Bc1 Rcc8 22.Bf4 Bxf4
23.gxf4 Rc7 24.Rd3 Qg4 25.Qc1 Nh5 26.e3 Bc8 27.Ng5 Re8 28.f3 Qh4 29.Qe1 Qxe1+
30.Rxe1 Nf8 31.Kf2 h6 32.Nh3 Ng6 33.Rg1 Kf7 34.Bf1 Kf6 35.a4 a6 36.Ra3 Nh4
37.Be2 Rg8 38.axb5 cxb5 39.Nb3 g5 40.fxg5+ hxg5 41.f4 g4 42.Ng5 Ng6 43.Nc1 Nhxf4
44.exf4 Nxf4 45.Nh3 Ng6 46.Bxg4 fxg4 47.Rxg4 e5 48.dxe5+ Kxe5 49.Re3+ Kf6
50.Nf4 Rf7 51.Nh5+ Kf5 52.Kg3 Ne7 53.Rf3+ Ke6 54.Nf4+ Ke5 55.Ncd3+ Ke4 56.Nf2+ Ke5
57.Rxg8 Nxg8 58.N4d3+ Ke6 59.Rxf7 Kxf7 60.Kf4 Ke6 61.Ne5 Ne7 62.Nfd3 Kf6
63.Nf3 Nc6 64.Nfe5 Nd4 65.Nf3 Nc6 66.Ke3 a5 67.bxa5 Nxa5 68.Nd4 Bd7 69.Kf4 Bh3
70.Nb4 Bg2 71.Nxb5 Nb3 72.c6 Ke6 73.Nc2 Na5 74.Ncd4+ Ke7 75.h4 Be4 76.c7 Kd7
77.Ne6 Nb7 78.h5 Bd3 79.Nf8+ Kc8 80.h6 Nd8 81.cxd8=Q+ Kxd8 82.Kg5 Ke8 83.Ng6 Kf7
84.h7  1-0

[Event "FSGM September"]
[Site "Budapest HUN"]
[Date "2004.09.14"]
[Round "11"]
[White "Ilincic,Z"]
[Black "Berczes,D"]
[Result "1-0"]
[WhiteElo "2520"]
[BlackElo "2351"]

1.d4 Nf6 2.c4 e6 3.Nf3 b6 4.g3 Ba6 5.Qa4 Bb7 6.Bg2 c5 7.O-O cxd4 8.Nxd4 Bxg2
9.Kxg2 Be7 10.Rd1 O-O 11.Nc3 Qc7 12.f3 Rc8 13.b3 a6 14.Ba3 Bxa3 15.Qxa3 Nc6
16.Nxc6 Qxc6 17.Rd6 Qc7 18.Rad1 b5 19.R1d4 bxc4 20.Rxc4 Qb7 21.Na4 Nd5 22.Kf2 Rc7
23.Nc5 Qb5 24.Rxa6 Rac8 25.Ra5 Qb6 26.e4 Nf6 27.Ra6 Qb5 28.Qa4 Qxa4 29.Nxa4 h6
30.Nb6 Rxc4 31.bxc4 Rc6 32.e5 Ne8 33.c5 Rxc5 34.Ra8 Rc2+ 35.Ke3 Kf8 36.a4 f6
37.a5 Kf7 38.Nxd7 Nc7 39.Ra7 Kg6 40.Kd3 Rc6 41.Nb8 Rc5 42.exf6 gxf6 43.a6 Nb5
44.Rb7 Rd5+ 45.Ke3 Nc3 46.Rd7 Ra5 47.Kd4 Nd5 48.Rb7 Kf5 49.a7 e5+ 50.Kc4 Ke6
51.Nc6 Ra1 52.Kb5 Nc3+ 53.Kb4 Nd5+ 54.Kc5 Rc1+ 55.Kb5 Nc3+ 56.Ka6  1-0

[Event "2nd Saipa Cup"]
[Site "Tehran IRI"]
[Date "2004.09.14"]
[Round "2"]
[White "Ghorbani,M"]
[Black "Kotsur,P"]
[Result "0-1"]
[WhiteElo "2333"]
[BlackElo "2607"]

1.d4 Nf6 2.Nf3 e6 3.c4 b6 4.g3 Ba6 5.Nbd2 Bb4 6.Qb3 c5 7.Bg2 Nc6 8.O-O O-O
9.Qa4 Qc8 10.dxc5 Bxc5 11.Rb1 Bb7 12.b4 Be7 13.a3 a5 14.b5 Nb8 15.Qc2 d6
16.Bb2 Ra7 17.Rbc1 h6 18.Rfd1 Ba8 19.Ne1 Nbd7 20.e4 Rc7 21.Qb1 Bb7 22.Nd3 Qa8
23.f3 Rfc8 24.Re1 Ne8 25.Rcd1 Bf6 26.Qa1 Rd8 27.Bxf6 Nexf6 28.Qb2 Qc8 29.Bf1 Nh7
30.Bg2 Ng5 31.f4 Nh7 32.Nf2 Nc5 33.Re3 Nf6 34.Rde1 d5 35.cxd5 exd5 36.Bh3 Ne6
37.exd5 Bxd5 38.Nde4 Nxe4 39.Nxe4 Rc2 40.Qe5 Rc1 41.Nc3 Rxe1+ 42.Rxe1 Qc5+
43.Qe3 Nd4 44.Bg4 Bf3 45.Bh3 Bb7 46.Bg2 Bxg2 47.Kxg2 Qxa3 48.Rd1 Qc5 49.Rd2 Ne6
50.Rxd8+ Nxd8 51.Qe8+ Qf8 52.Qd7 Ne6 53.Nd5 a4 54.f5 Nc5 55.Qc6 a3 56.Qxb6 Qa8
57.Qc6 Qxc6 58.bxc6 Na6 59.Nb4 Nc7 60.Kf3 Kf8 61.Ke4 Ke7 62.Ke5 h5 63.f6+ gxf6+
64.Kf5 Kd6 65.h4 Nd5 66.c7 Nxc7 67.Nc2 a2 68.Kxf6 Nd5+ 69.Kg5 Ne3 70.Na1 Nf1
71.g4 hxg4 72.Kxg4 Ke5 73.Kg5 Ng3 74.Kg4 Ne4 75.Nc2 f5+ 76.Kf3 Nf6 77.Na1 Nh5
78.Nc2 f4 79.Kg4 Ke4 80.Kxh5 f3 81.Na1 f2 82.Nb3 Ke3  0-1

[Event "TCh-SCG Men"]
[Site "Budva SCG"]
[Date "2004.09.15"]
[Round "7"]
[White "Abramovic,B"]
[Black "Pikula,D"]
[Result "0-1"]
[WhiteElo "2466"]
[BlackElo "2508"]

1.d4 Nf6 2.c4 e6 3.Nf3 b6 4.g3 Ba6 5.b3 Bb4+ 6.Bd2 Be7 7.Bg2 c6 8.Bc3 d5
9.Nbd2 Nbd7 10.O-O O-O 11.Re1 Rc8 12.e4 Bb7 13.Qe2 dxe4 14.Nxe4 c5 15.Nxf6+ Bxf6
16.Rad1 Rc7 17.Rd2 Qa8 18.Red1 cxd4 19.Bxd4 Bxd4 20.Rxd4 Nf6 21.Ne1 Bxg2
22.Nxg2 Rcc8 23.Ne3 h5 24.Qd3 Qc6 25.h3 Qc5 26.Ng2 Qa3 27.Qe2 Qc5 28.Nh4 Qc7
29.Qd3 Qc5 30.Qe2 Qc7 31.Nf3 Rfd8 32.Qe5 Rxd4 33.Qxd4 Qb7 34.Qd3 Qa6 35.a4 Qa5
36.Qe3 Qf5 37.Kg2 Qc5 38.Rd4 Qc7 39.Ng5 a6 40.f3 b5  0-1

[Event "TCh-SCG 2nd Liga"]
[Site "Sutomore SCG"]
[Date "2004.09.15"]
[Round "8"]
[White "Genov,Peta"]
[Black "Parligras,M"]
[Result "1/2-1/2"]
[WhiteElo "2485"]
[BlackElo "2564"]

1.d4 Nf6 2.c4 e6 3.Nf3 b6 4.g3 Ba6 5.b3 Bb4+ 6.Bd2 Be7 7.Nc3 O-O 8.Qc2 d5
9.cxd5 exd5 10.Bh3 c5 11.O-O Nc6 12.Be3 Nb4 13.Qb2 Ne4 14.Rac1 Bf6 15.Rfd1 Re8
16.Bf1 Rc8 17.a3 Nc6 18.b4  1/2-1/2

[Event "TCh-SCG Men"]
[Site "Budva SCG"]
[Date "2004.09.16"]
[Round "8"]
[White "Markus,R"]
[Black "Maksimovic,B"]
[Result "1-0"]
[WhiteElo "2550"]
[BlackElo "2393"]

1.d4 Nf6 2.c4 e6 3.Nf3 b6 4.g3 Ba6 5.b3 Bb4+ 6.Bd2 Be7 7.Nc3 O-O 8.Qc2 d5
9.cxd5 exd5 10.Bg5 Re8 11.e3 c5 12.Rd1 h6 13.Bxf6 Bxf6 14.dxc5 d4 15.Bxa6 Nxa6
16.O-O bxc5 17.exd4 Nb4 18.Qf5 cxd4 19.Ne4 Nxa2 20.Rd2 Nb4 21.Nxf6+ Qxf6
22.Qxf6 gxf6 23.Rxd4 Rab8 24.Rc1 Na2 25.Rc7 Rxb3 26.Nh4 Rb5 27.Ra4 Nb4 28.Raxa7 Rf8
29.Ng6 Nc6 30.Rxc6 fxg6 31.Rcc7 Re8 32.Rg7+ Kh8 33.Rxg6 Rf5 34.Rxh6+ Kg8
35.Ra2 Re4 36.f4 Kg7 37.Rh4 Rb5 38.Kg2 Re3 39.Kh3 Rf3 40.Kg4 Rf1 41.Ra7+ Kg6
42.Rah7 f5+ 43.Kh3  1-0

[Event "3rd Autumn"]
[Site "Alushta UKR"]
[Date "2004.09.17"]
[Round "11"]
[White "Tishin,D"]
[Black "Annageldyev,O"]
[Result "1/2-1/2"]
[WhiteElo "2372"]
[BlackElo "2458"]

1.d4 Nf6 2.c4 e6 3.Nf3 b6 4.g3 Ba6 5.Qa4 c5 6.Bg2 Bb7 7.dxc5 Bxc5 8.O-O O-O
9.Nc3 Be7 10.Rd1 Na6 11.Bg5 Nc5 12.Qc2 Nfe4 13.Bxe7 Qxe7 14.Nxe4 Bxe4  1/2-1/2

[Event "TCh-SCG Women"]
[Site "Budva SCG"]
[Date "2004.09.17"]
[Round "9"]
[White "Vasic,M"]
[Black "Urosevic,M"]
[Result "1-0"]
[WhiteElo "2213"]
[BlackElo "2019"]

1.d4 Nf6 2.c4 e6 3.Nf3 b6 4.g3 Ba6 5.b3 b5 6.cxb5 Bxb5 7.Bg2 Bc6 8.O-O a5
9.a3 Be7 10.Nc3 Qc8 11.Re1 Ne4 12.Qc2 Qb7 13.Ne5 Nxc3 14.Nxc6 Nxe2+ 15.Qxe2 dxc6
16.Qc2 O-O 17.Be4 h6 18.Bf4 Bf6 19.Be5 Bxe5 20.dxe5 Ra6 21.Rac1 Rb6 22.Re3 Qa6
23.Bd3 Qb7 24.h4 Qa7 25.Qc4 Rd8 26.Rf3 Nd7 27.Qf4 f6 28.exf6 Nxf6 29.Qe5 Rd6
30.Bc4 Nd5 31.Qe4 Rb8 32.Re1 Rf8 33.Rxf8+ Kxf8 34.Qg4 Kf7 35.h5 Qc5 36.Qg6+ Kf8
37.a4 Ne7 38.Qe4 Qxh5 39.Bxe6 Qg6 40.Qe5 Qf6 41.Qe3 Qd4 42.Qe2 Qf6 43.Bc4 g5
44.Qe3 Rd7 45.Qc5 Kg7 46.Qxa5 Nd5 47.Qa8 Rf7 48.Qa7 Re7 49.Rd1 Nc3 50.Rf1 h5
51.f4 g4 52.Qc5 Ne4 53.Qe3 Ng5 54.Qd3 Nh3+ 55.Kh1 Re1 56.Qd7+ Re7 57.Qd2 Qd6
58.Qb2+ Qf6 59.Qxf6+ Kxf6 60.a5 h4 61.gxh4 Rd7 62.Kg2 Kf5 63.Kg3 c5 64.h5 c6
65.h6 Rd2 66.h7 Rd8 67.Be2  1-0

[Event "TCh-SCG Men"]
[Site "Budva SCG"]
[Date "2004.09.19"]
[Round "11"]
[White "Jeremic,V"]
[Black "Perunovic,Mil"]
[Result "1/2-1/2"]
[WhiteElo "2503"]
[BlackElo "2555"]

1.d4 Nf6 2.c4 e6 3.Nf3 b6 4.g3 Ba6 5.b3 Bb4+ 6.Bd2 Be7 7.Bg2 c6 8.Bc3 d5
9.Nbd2 Nbd7 10.O-O O-O 11.Re1 Rc8 12.e4 dxe4 13.Nxe4 c5  1/2-1/2

[Event "IMA Classic"]
[Site "Gausdal NOR"]
[Date "2004.09.26"]
[Round "5"]
[White "Bjerke,R"]
[Black "Hunt,H"]
[Result "1/2-1/2"]
[WhiteElo "2232"]
[BlackElo "2385"]

1.d4 Nf6 2.c4 e6 3.Nf3 b6 4.g3 Ba6 5.Qa4 c6 6.Nc3 d5 7.cxd5 b5 8.Qb3 exd5
9.Bg2 Be7 10.a3 O-O 11.O-O Nbd7 12.Re1 Bb7 13.Bf4 a5 14.Rac1 Nh5 15.Bd2 Rb8
16.Ne5 Nxe5 17.dxe5 g6 18.Bh6 Ng7 19.Red1 Qb6 20.Be3 Qa6 21.f4 Bc8 22.Na4 b4
23.Bf3 Rb5 24.Nc5 bxa3 25.Qxa3 Qa7 26.Na4 Qb7 27.Bc5 Bxc5+ 28.Nxc5 Qb6 29.Kh1 h5
30.Na4 Qb7 31.Qd6 Rb4 32.b3 Nf5 33.Qf6 h4 34.Rxc6 hxg3 35.Bxd5 g2+ 36.Kg1 Qa7+
37.Nc5 Kh7 38.Rd3 Nh6 39.Kxg2 Bf5 40.Rg3 Rxf4 41.Qd6 Qb8 42.Qxb8 Rxb8 43.e3 Rh4
44.e4 Bg4 45.Rc7 Rc8 46.Rxc8 Bxc8 47.h3 Kg7 48.Rf3 g5 49.Nb7 g4 50.hxg4 Nxg4
51.Rxf7+ Kg6 52.Kg3 Rh1 53.Rc7 Rg1+ 54.Kf3 Bxb7 55.Rxb7 Nxe5+ 56.Ke3 Kf6
57.Rb6+ Kg5 58.Kd4 Nf3+ 59.Kc5 Ra1 60.Kb5 Nd4+ 61.Kc5 Nf3 62.Ra6 Kf4 63.Kb5 Nd4+
64.Kc5 Ke5 65.Ra8 Rc1+ 66.Kb6 Ra1 67.Re8+ Kd6 68.Bc4 a4 69.e5+ Kd7 70.Ra8 Nxb3
71.Ra7+ Kd8 72.e6 Rc1 73.Rxa4 Nd4 74.Ra8+ Ke7 75.Ra7+ Ke8 76.Kc5 Nxe6+ 77.Kd6 Nd8
78.Rh7 Rd1+ 79.Bd5 Nf7+ 80.Rxf7 Rxd5+ 81.Kxd5 Kxf7  1/2-1/2

[Event "1st Central League"]
[Site "Vrnjacka Banja SCG"]
[Date "2004.09.26"]
[Round "3"]
[White "Trajkovic,P"]
[Black "Pikula,D"]
[Result "0-1"]
[WhiteElo "2336"]
[BlackElo "2508"]

1.d4 Nf6 2.c4 e6 3.Nf3 b6 4.g3 Ba6 5.Qa4 Bb7 6.Bg2 c5 7.dxc5 Bxc5 8.O-O O-O
9.Nc3 Be7 10.Rd1 Na6 11.Bf4 Nc5 12.Qc2 a6 13.Ng5 Bxg2 14.Kxg2 Qc8 15.Kg1 Qc6
16.Nf3 d6 17.Rac1 Rac8 18.b3 Rfd8 19.Qb2 h6 20.h3 Qb7 21.a4 Bf8 22.Rc2 Be7
23.Rcc1 Rd7 24.b4 Nce4 25.Nxe4 Nxe4 26.Nd2 Nf6 27.Qb3 e5 28.Be3 Rdc7 29.Nf3 Bf8
30.Kh2 g6 31.Kg1 Kh7 32.Qa2 Re8 33.a5 bxa5 34.Qxa5 Qc8 35.c5 d5 36.Ra1 Rc6
37.h4 d4 38.Bc1 Qf5 39.Qa2 Ng4 40.Qd5 Ree6 41.Kf1 d3 42.exd3 Nf6 43.Qd8 Re8  0-1

[Event "1st Central League"]
[Site "Vrnjacka Banja SCG"]
[Date "2004.09.27"]
[Round "4"]
[White "Abramovic,B"]
[Black "Trajkovic,P"]
[Result "1-0"]
[WhiteElo "2466"]
[BlackElo "2336"]

1.d4 Nf6 2.c4 e6 3.Nf3 b6 4.g3 Ba6 5.b3 Bb4+ 6.Bd2 Be7 7.Bg2 c6 8.Bc3 d5
9.Nbd2 Nbd7 10.O-O O-O 11.Re1 Rc8 12.e4 dxe4 13.Nxe4 c5 14.Qe2 Bb7 15.Nxf6+ Bxf6
16.Rad1 Qc7 17.Rd2 Rfd8 18.Red1 a6 19.Qe3 cxd4 20.Bxd4 b5 21.Bxf6 Nxf6 22.Ne5 Rxd2
23.Rxd2 Bxg2 24.Kxg2 bxc4 25.bxc4 h6 26.Qd4 Qa5 27.f3 Rc5 28.Qd8+ Qxd8 29.Rxd8+ Kh7
30.Nxf7 Kg6 31.Nd6 Ra5 32.g4 Rxa2+ 33.Kg3 h5 34.h3 hxg4 35.hxg4 a5 36.Ra8 a4
37.Ra7 Ra1 38.Nb5 e5 39.Ra6 Kf7 40.c5 Rg1+ 41.Kf2 Rc1 42.c6 Nd5 43.Nd6+ Kg6
44.Nf5 a3 45.Rxa3 Rxc6 46.Ra5 Rc2+ 47.Kg3 Nf4 48.Ne3 Rc3 49.Rxe5 Ne2+ 50.Kf2 Nf4
51.Re7 Kh6 52.Re4  1-0

[Event "Tatry Open"]
[Site "Tatranske Zruby SVK"]
[Date "2004.09.29"]
[Round "6"]
[White "Plachetka,J"]
[Black "Stocek,J"]
[Result "1/2-1/2"]
[WhiteElo "2435"]
[BlackElo "2557"]

1.d4 Nf6 2.c4 e6 3.Nf3 b6 4.g3 Ba6 5.b3 b5 6.cxb5 Bxb5 7.Nc3 Ba6 8.Bg2 d5
9.O-O Nbd7 10.Bf4 Rc8 11.Rc1 Ba3 12.Rc2 O-O 13.Na4 Ne4 14.Nd2 Nxd2 15.Qxd2 c6
16.b4 Bb5 17.Nb2 Qe7 18.Nd3 Bxd3 19.Qxd3 Bxb4 20.Qa6 Nb6 21.Rd1 h6 22.e4 Rfd8
23.Rdc1 dxe4 24.Bxe4 Rxd4 25.Bxc6 Rxf4 26.gxf4 Bd6 27.Be4 Rf8 28.Qb7 Qh4
29.Bg2 Bxf4 30.Rd1 Bxh2+ 31.Kf1 Nd5 32.Bxd5 exd5 33.Qxd5 Qg4 34.Qd7 Qg1+
35.Ke2 Qg6 36.Rc4 Be5  1/2-1/2

[Event "Monarch Assurance"]
[Site "Port Erin IOM"]
[Date "2004.10.02"]
[Round "8"]
[White "Dunn,An1"]
[Black "Henrichsen,J"]
[Result "1-0"]
[WhiteElo "2192"]
[BlackElo "2084"]

1.d4 Nf6 2.Nf3 e6 3.c4 b6 4.g3 Ba6 5.b3 Bb4+ 6.Bd2 Be7 7.Bg2 c6 8.O-O d5
9.Ne5 Nfd7 10.Nxd7 Nxd7 11.cxd5 cxd5 12.b4 O-O 13.a4 Bb7 14.Qb3 a6 15.Na3 Bd6
16.b5 a5 17.Rac1 Qe7 18.Nb1 Rfc8 19.Rfe1 Nf6 20.Bg5 Bb4 21.Red1 h6 22.Bxf6 Qxf6
23.e3 Qe7 24.Qd3 Rc7 25.Nc3 Rac8 26.Na2 Ba3 27.Rxc7 Rxc7 28.Qb3 Kf8 29.Rd2 Ke8
30.Rc2 Kd8 31.Rxc7 Kxc7 32.Qc3+ Kb8 33.Kf1 Ka7 34.Ke2 Kb8 35.Kd1 e5 36.Ke2 f6
37.Kf1 e4 38.Bh3 Ka7 39.Bc8 Bxc8 40.Qxc8 Bb4 41.Qa6+ Kb8 42.Qxb6+ Kc8 43.Qc6+ Kb8
44.Qxd5 Qc7 45.Qc6  1-0

[Event "FSGM October"]
[Site "Budapest HUN"]
[Date "2004.10.09"]
[Round "8"]
[White "Ilincic,Z"]
[Black "Szabo,K"]
[Result "1-0"]
[WhiteElo "2520"]
[BlackElo "2371"]

1.d4 Nf6 2.c4 e6 3.Nf3 b6 4.g3 Ba6 5.Nbd2 Bb4 6.Qc2 Bb7 7.Bg2 c5 8.a3 Bxd2+
9.Qxd2 cxd4 10.Qxd4 Nc6 11.Qc3 O-O 12.O-O d5 13.b4 Rc8 14.cxd5 Nxd5 15.Qb2 Nce7
16.Bd2 b5 17.Nd4 Qd7 18.Nb3 Nb6 19.Nc5 Rxc5 20.bxc5 Bxg2 21.Rfd1 Na4 22.Qxg7+ Kxg7
23.Bh6+ Kxh6 24.Rxd7 Bd5 25.Rxe7 a5 26.Ra7 Nxc5 27.Rd1 Nb3 28.f3 f5 29.Ra6 Bc4
30.Rb6 Kg5 31.Rd7 h5 32.Kf2 Nc1 33.a4 Nxe2 34.axb5 Nc3 35.Rc6 Bxb5 36.Rxe6 Ne4+
37.Ke3 Nf6 38.Rg7+ Kh6 39.Ra7 a4 40.Rb6 Bf1 41.Rxa4 Kg6 42.Rd4 Kg7 43.Kf2 Bh3
44.Rh4 Bg4 45.h3 Ra8 46.hxg4 Ra2+ 47.Ke1 hxg4 48.fxg4 fxg4 49.Rb3 Rc2 50.Re3 Ra2
51.Kf1 Rb2 52.Re2 Rb3 53.Kg2 Kg6 54.Rh8 Ra3 55.Rb8 Ra6 56.Rb4 Rd6 57.Reb2 Rd3
58.R4b3 Rd1 59.Rb6 Kg5 60.Ra2 Nd5 61.Ra5 Kf5 62.Rb4 Ke6 63.Re4+ Kf6 64.Ra6+ Kf5
65.Rae6 Nf6 66.R4e5+ Kg6 67.Re1 Rd7 68.Rf1 Rf7 69.Rf4 Kg5 70.Kf1 Rf8 71.Ke2 Rf7
72.Kd3 Rd7+ 73.Kc4 Rc7+ 74.Kb5 Rf7 75.Kc6 Kg6 76.Re5 Ra7 77.Kb5 Rb7+ 78.Ka6 Rd7
79.Re6 Rf7 80.Rb6 Rf8 81.Rxg4+ Kf5 82.Rf4+ Kg5 83.Rd6 Rf7 84.Rc6 Rf8 85.Kb5 Rb8+
86.Kc4 Nd7 87.Rd6 Ne5+ 88.Kd4 Ng6 89.Rd5+ Kh6 90.Rf3 Rb4+ 91.Ke3 Ra4 92.Rf6 Kg7
93.Rb6 Ra3+ 94.Kf2 Nf8 95.Rg5+ Kh7 96.Rf5 Ra8 97.Kg2 Kg7 98.Kh3 Rc8 99.Kg4 Ra8
100.Kh5 Rc8 101.Rg5+ Kh8 102.Rh6+ Nh7 103.Rb5 Rc7 104.g4 Re7 105.g5 Kg7 106.Rg6+ Kf7
107.Rf5+ Ke8 108.Rg8+ Kd7 109.g6  1-0

[Event "XI Bela Papp Mem"]
[Site "Torokbalint HUN"]
[Date "2004.10.17"]
[Round "2"]
[White "Ilincic,Z"]
[Black "Papp,Ga"]
[Result "1/2-1/2"]
[WhiteElo "2522"]
[BlackElo "2467"]

1.d4 Nf6 2.c4 e6 3.Nf3 b6 4.g3 Ba6 5.Nbd2 c5 6.Bg2 Bb7 7.dxc5 Bxc5 8.O-O Be7
9.e4 d6 10.e5 dxe5 11.Nxe5 Qc7 12.Bxb7 Qxb7 13.Qf3 Qxf3 14.Ndxf3 Nfd7 15.Rd1 Nxe5
16.Nxe5 f6 17.Nd3 Nc6 18.Be3 Kf7 19.f4 Rhd8 20.Rd2 Nd4 21.Kf2 Nf5 22.Rad1 h5
23.b3 Rd6 24.Nb2 Rad8 25.Rxd6 Bxd6 26.Nd3 Kg6 27.h3 Kf7 28.Kf3 g5 29.fxg5 Rg8
30.Nf2 fxg5 31.Ne4 g4+ 32.hxg4 hxg4+ 33.Kf2 Be7 34.Bf4 Rh8 35.Kg1 Rh5 36.Rd7 e5
37.Bd2 Ke6 38.Rxa7 Nd4 39.Be3 Nf3+ 40.Kf1 Rh1+ 41.Ke2 Kf5 42.Rxe7 Kxe4 43.Bxb6 Re1+
44.Kf2 Ra1 45.Ra7 Rc1 46.c5 Rc2+ 47.Kf1 Nd4 48.b4 Kd3 49.Ra3+ Kd2 50.c6 Rxc6
51.Bxd4 exd4 52.b5 Rf6+ 53.Kg2 Ke2 54.Ra6 Rf2+ 55.Kg1 Rf1+ 56.Kg2 Rf2+ 57.Kg1 Rf1+
58.Kg2 Rb1 59.Re6+ Kd2 60.a4 Rb4 61.b6 Rxa4 62.b7 Rb4 63.Re7 d3 64.Kf2 Kd1
65.Rd7 d2 66.Rc7 Rb3 67.Rd7 Rf3+ 68.Kg2 Rb3 69.Kf2 Rb6 70.Rf7 Rb3 71.Rc7 Rf3+
72.Kg2 Rb3 73.Kf2 Rb2 74.Kf1 Rb3  1/2-1/2

[Event "XI Bela Papp Mem"]
[Site "Torokbalint HUN"]
[Date "2004.10.23"]
[Round "8"]
[White "Izsak,Gyu"]
[Black "Papp,Ga"]
[Result "1/2-1/2"]
[WhiteElo "2475"]
[BlackElo "2467"]

1.Nf3 Nf6 2.d4 e6 3.c4 b6 4.g3 Ba6 5.b3 Bb4+ 6.Bd2 Be7 7.Nc3 O-O 8.Bg2 c6
9.d5 cxd5 10.cxd5 exd5 11.O-O Nc6 12.Be3 Re8 13.Nd4 Bc5 14.Nf5 Ne7 15.Nxe7+ Qxe7
16.Nxd5 Nxd5 17.Bxd5 Rac8 18.Bxc5 Rxc5 19.Bf3 Bxe2 20.Bxe2 Qxe2 21.Qxd7 Qe7
22.Qxe7 Rxe7 23.Rac1 Rxc1  1/2-1/2

[Event "World Seniors"]
[Site "Halle GER"]
[Date "2004.10.25"]
[Round "2"]
[White "Perk,E"]
[Black "Spassov,L"]
[Result "1/2-1/2"]
[WhiteElo "2002"]
[BlackElo "2377"]

1.d4 Nf6 2.c4 e6 3.Nf3 b6 4.g3 Ba6 5.Qc2 c5 6.Bg2 Nc6 7.dxc5 Bxc5 8.O-O O-O
9.a3 Be7 10.b4 Bb7 11.Bb2 Rc8 12.Qb3 d6 13.Nbd2 Qc7 14.Rac1 Rfd8 15.e4 Qb8
16.Rfe1 Qa8 17.Qe3 Nb8 18.h3 Nbd7 19.Nd4 a6 20.Kh2 Bf8 21.Bf1 g6 22.N4b3 Bg7
23.Bc3 Rc7 24.f4 Rdc8 25.e5 dxe5 26.fxe5 Ne8 27.Bd4 Qa7 28.Qf4 Qa8 29.Re2 Qb8
30.Rf2 Nf8 31.Re1 Re7 32.c5 b5 33.Ne4 Bxe4 34.Qxe4 Nc7 35.Bg2 Nd5 36.Qh4 Rd7
37.Na5 h6 38.c6 g5 39.Qe4 Rdd8 40.Nb7 Rxc6 41.Nxd8 Qxd8 42.Rc2 Rxc2 43.Qxc2 Nxb4
44.axb4 Qxd4 45.Qe4 Qc3 46.Re3 Qb2 47.Re2 Qc3 48.Re3  1/2-1/2

[Event "World Seniors"]
[Site "Halle GER"]
[Date "2004.10.29"]
[Round "6"]
[White "Kraidman,Y"]
[Black "Spassov,L"]
[Result "0-1"]
[WhiteElo "2307"]
[BlackElo "2377"]

1.d4 Nf6 2.c4 e6 3.Nf3 b6 4.g3 Ba6 5.Nbd2 d5 6.cxd5 exd5 7.Bg2 Bd6 8.Ne5 O-O
9.O-O Qe8 10.Ndf3 Nbd7 11.Nxd7 Qxd7 12.Re1 Rfe8 13.e3 Bb7 14.Bd2 Ne4 15.Qc2 h6
16.Rec1 c5 17.Bc3 Rac8 18.Qd1 Qe7 19.Rc2 c4 20.a4 a6 21.Be1 b5 22.axb5 axb5
23.Nd2 Nf6 24.Rcc1 b4 25.Ra7 Bb8 26.Ra5 Bc7 27.Ra4 Bd6 28.Ra7 Rc7 29.e4 Nxe4
30.Bxe4 dxe4 31.Nxc4 e3 32.Nxe3 Qe4 33.Rxb7 Rxc1 34.Qxc1 Qxb7 35.Bd2 Ra8
36.d5 Rc8 37.Qb1 Bc5 38.Qd3 Rd8 39.Qc4 Bxe3 40.fxe3 Rxd5 41.Qxb4 Rb5 42.Qd4 Rxb2
43.e4 Qb6 44.Qxb6 Rxb6 45.Kf2 Rb3 46.h4 h5 47.Be3 Rb4 48.Kf3 f6 49.Bc5 Rc4
50.Bd6 Kf7 51.Ke3 Ke6 52.Bb8 g5 53.hxg5 fxg5 54.Kf3 Rc3+ 55.Kf2 Rc8  0-1

[Event "8th OIBM"]
[Site "Bad Wiessee GER"]
[Date "2004.11.03"]
[Round "5"]
[White "Volkov,S1"]
[Black "Claassen,J"]
[Result "1-0"]
[WhiteElo "2628"]
[BlackElo "2202"]

1.d4 Nf6 2.Nf3 e6 3.c4 b6 4.g3 Ba6 5.Qa4 Bb7 6.Bg2 c5 7.O-O cxd4 8.Nxd4 Qc8
9.Rd1 Bxg2 10.Kxg2 Be7 11.Nc3 a6 12.f3 O-O 13.Bg5 Nc6 14.Nxc6 dxc6 15.Ne4 b5
16.Qc2 Rd8 17.Rxd8+ Qxd8 18.Rd1 Qa5 19.cxb5 axb5 20.Bxf6 Bxf6 21.Nxf6+ gxf6
22.Qxc6 b4 23.Qe4 f5 24.Qf4 Qb5 25.Kf1 Rc8 26.h4 b3 27.a4 Qc5 28.h5 Qc2 29.Rd2 Qc5
30.Qg5+ Kf8 31.h6 Ke8 32.Kg2 f4  1-0

[Event "WYb14"]
[Site "Heraklio GRE"]
[Date "2004.11.05"]
[Round "2"]
[White "Pachta,P"]
[Black "Ludwig,D"]
[Result "0-1"]
[WhiteElo "2159"]
[BlackElo "2308"]

1.d4 Nf6 2.Nf3 e6 3.c4 b6 4.g3 Ba6 5.Qa4 Bb7 6.Bg2 Be7 7.O-O O-O 8.Nc3 c5
9.dxc5 bxc5 10.Rd1 d6 11.Bf4 Qb6 12.Qc2 Rd8 13.e4 Nc6 14.Rd2 Nd4 15.Nxd4 cxd4
16.Na4 Qc6 17.Bg5 h6 18.Bxf6 Bxf6 19.Rad1 Rac8 20.b3 Qa6 21.Qb1 Bc6 22.Nb2 Qb7
23.Re1 e5 24.Nd3 Bg5 25.f4 exf4 26.gxf4 Bh4 27.Ree2 Re8 28.Ne1 f5 29.exf5 d3
30.Nxd3 Bxg2 31.Rxg2 Qe4 32.Qa1 Rc7 33.f6 Qe3+ 34.Kh1 Bxf6 35.Qxf6 Qxd2 36.Rxd2 gxf6
37.Kg2 Rce7 38.Kf2 Re4 39.Kf3 Rd4 40.Rg2+ Kf7 41.Nb4 a5 42.Nc6 Rd3+ 43.Kf2 Rd2+
44.Kf3 Rxg2 45.Kxg2 Re2+ 46.Kg3 Rxa2 47.h4 Ra3 48.Kg4 Rxb3 49.Nxa5 Rb4 50.Kf5 d5
51.cxd5 Rb5 52.Nc4 Rxd5+ 53.Kg4 h5+ 54.Kf3 Rd3+ 55.Ke4 Rc3 56.Ne3 Ke6 57.Nf5 Rc4+
58.Nd4+ Rxd4+ 59.Kxd4 Kf5  0-1

[Event "FSIM November"]
[Site "Budapest HUN"]
[Date "2004.11.07"]
[Round "2"]
[White "Farago,S"]
[Black "Fodor,T jr"]
[Result "1/2-1/2"]
[WhiteElo "2305"]
[BlackElo "2169"]

1.d4 Nf6 2.c4 e6 3.Nf3 b6 4.g3 Ba6 5.Qa4 c5 6.dxc5 Bxc5 7.Nc3 O-O 8.Bg2 Bb7
9.Bf4 d5 10.Rd1 d4 11.b4 Qe8 12.bxc5 dxc3 13.Qc2 Na6 14.Bd6 Ne4 15.Bxf8 Qxf8
16.Ng5 Nb4 17.Qc1 c2 18.Nxe4 cxd1=Q+ 19.Qxd1 Rd8 20.Qb1 Bxe4 21.Bxe4 Qxc5
22.Bxh7+ Kh8 23.Bd3 Nxd3+ 24.exd3 Qe5+ 25.Kd2 Qd4 26.Ke2 Qe5+ 27.Kd2 Qd4  1/2-1/2

[Event "TCh-SWE Elitserien 2004-5"]
[Site "Skara SWE"]
[Date "2004.11.07"]
[Round "3"]
[White "Sjoberg,M"]
[Black "Schussler,H"]
[Result "1/2-1/2"]
[WhiteElo "2346"]
[BlackElo "2446"]

1.d4 e6 2.Nf3 Nf6 3.c4 b6 4.g3 Ba6 5.b3 Bb7 6.Bg2 Bb4+ 7.Bd2 a5 8.Nc3 O-O
9.O-O d5 10.Ne5 Nbd7 11.Nd3 Be7 12.Bc1 c5 13.dxc5 Nxc5 14.Nxc5 Bxc5 15.cxd5 Nxd5
16.Nxd5  1/2-1/2

[Event "Tch-FIN 2004-5"]
[Site "Finland FIN"]
[Date "2004.11.13"]
[Round "4"]
[White "Pessi,J"]
[Black "Hentunen,A"]
[Result "1-0"]
[WhiteElo "2180"]
[BlackElo "2354"]

1.d4 Nf6 2.c4 e6 3.Nf3 b6 4.g3 Ba6 5.Qc2 Bb7 6.Bg2 c5 7.O-O cxd4 8.Rd1 Qc7
9.Rxd4 b5 10.Na3 Bxa3 11.bxa3 e5 12.Rh4 e4 13.Nd4 bxc4 14.Nf5 g6 15.Bf4 Qc6
16.Nd6+ Ke7 17.Qc3 Qd5 18.Nxb7 Nc6 19.Bd6+ Ke6 20.Bh3+ Ng4 21.Bxg4+ f5 22.Bh3 Qb5
23.Rd1 Qxb7 24.Rxe4+ Kf7 25.Rxc4 Rhe8 26.Bg2 Re6 27.Bxc6 dxc6 28.Rxc6  1-0

[Event "Open"]
[Site "Calcutta IND"]
[Date "2004.11.14"]
[Round "8"]
[White "Nguyen Anh Dung"]
[Black "Bakre,T"]
[Result "0-1"]
[WhiteElo "2567"]
[BlackElo "2491"]

1.d4 Nf6 2.c4 e6 3.Nf3 b6 4.g3 Ba6 5.Qa4 Bb7 6.Bg2 c5 7.dxc5 Bxc5 8.O-O O-O
9.Nc3 Be7 10.Rd1 Qc8 11.Bf4 Na6 12.Rac1 Nc5 13.Qa3 Re8 14.Bd6 Bxd6 15.Rxd6 Nce4
16.Nxe4 Nxe4 17.Rdd1 Rd8 18.Nd4 a6 19.Qe3 Nf6 20.Rd3 Bxg2 21.Kxg2 Qb7+ 22.Qf3 d5
23.cxd5 e5 24.e4 exd4 25.Rxd4 Rac8 26.Rxc8 Qxc8 27.Qd3 b5 28.a4 Qc5 29.axb5 axb5
30.Qd2 Nd7 31.Qa5 Qxd4 32.Qxd8+ Nf8 33.Qe8 Qxb2 34.e5 Qd4 35.d6 b4 36.Qb5 b3
37.Qxb3 Qxe5 38.Qd3 Qe6 39.h4 h5 40.Qd1 g6 41.Qd4 Nd7  0-1

[Event "Acropolis IM Open"]
[Site "Athens GRE"]
[Date "2004.11.16"]
[Round "1"]
[White "Papoutsakis,M"]
[Black "Sigalas,F"]
[Result "0-1"]
[WhiteElo "2115"]
[BlackElo "2284"]

1.d4 e6 2.c4 Nf6 3.Nf3 b6 4.g3 Ba6 5.Qc2 c5 6.Bg2 Nc6 7.dxc5 Bxc5 8.a3 Rc8
9.Qa4 Bb7 10.O-O O-O 11.Nc3 Be7 12.Rd1 Na5 13.Ne5 Bxg2 14.Kxg2 d6 15.b3 Qe8
16.b4 Qxa4 17.Nxa4 Nb3  0-1

[Event "Petrosian Mem Open"]
[Site "Yerevan ARM"]
[Date "2004.11.19"]
[Round "1"]
[White "Hunanyan,D"]
[Black "Mchedlishvili,M"]
[Result "0-1"]
[WhiteElo "2164"]
[BlackElo "2504"]

1.d4 Nf6 2.c4 e6 3.Nf3 b6 4.g3 Ba6 5.Nbd2 c5 6.Bg2 Nc6 7.dxc5 bxc5 8.O-O Qc7
9.b3 Be7 10.Bb2 Bb7 11.e4 e5 12.Re1 Nd4 13.Nh4 g6 14.Nb1 O-O 15.Nc3 Rab8
16.Nf3 Bc6 17.Bc1 Rfe8 18.Nd5 Bxd5 19.exd5 Nxf3+ 20.Qxf3 d6 21.g4 a5 22.h4 h5
23.Bh3 hxg4 24.Bxg4 Kg7 25.h5 Nxg4 26.Qxg4 Rh8 27.hxg6 Rh4 28.Qf5 fxg6 29.Qe6 Rf8
30.Bb2 Rf6 31.Bxe5 dxe5 32.Qxe5 Bd6 33.Qg5 Rh5 34.Qg4 Rff5 35.Kf1 Rh2 36.Re6 Rhxf2+
37.Kg1 Bh2+ 38.Kh1 Rf1+ 39.Rxf1 Rxf1+ 40.Kg2 Rg1+  0-1

[Event "Petrosian Mem Open"]
[Site "Yerevan ARM"]
[Date "2004.11.19"]
[Round "1"]
[White "Grigoryan,Av"]
[Black "Sargissian,G"]
[Result "1/2-1/2"]
[WhiteElo "2227"]
[BlackElo "2611"]

1.d4 Nf6 2.c4 e6 3.Nf3 b6 4.g3 Ba6 5.b3 Bb4+ 6.Bd2 Be7 7.Nc3 O-O 8.e4 d5
9.cxd5 Bxf1 10.Kxf1 exd5 11.e5 Ne4 12.Kg2 Nxc3 13.Bxc3 Nc6 14.Qd3 Qd7 15.Rae1 Nd8
16.h4 Ne6 17.Ng5 g6 18.Nxe6 fxe6 19.f4 Rf5 20.Bd2 h5 21.Rc1 c5 22.Rc2 Kg7
23.Rhc1 Rf7 24.Be3 cxd4 25.Rc7 Qd8 26.Bxd4 Ba3 27.Rxf7+ Kxf7 28.Rc3 Rc8 29.Qa6 Rxc3
30.Bxc3 Qe7 31.Qc8 Qc5 32.Qd7+ Qe7 33.Qc8 Bc5 34.Qh8 Qe8 35.Qh7+ Kf8 36.Qxa7 d4
37.Bd2 Qc6+ 38.Kh2 Qf3 39.Qb8+ Ke7 40.Qc7+ Ke8 41.Qc8+ Ke7 42.Qc7+  1/2-1/2